<?xml version="1.0" encoding="UTF-8"?>
<record
    xmlns:xsi="http://www.w3.org/2001/XMLSchema-instance"
    xsi:schemaLocation="http://www.loc.gov/MARC21/slim http://www.loc.gov/standards/marcxml/schema/MARC21slim.xsd"
    xmlns="http://www.loc.gov/MARC21/slim">

  <leader>00985    a2200229   4500</leader>
  <controlfield tag="001">64027</controlfield>
  <controlfield tag="005">20260521160829.0</controlfield>
  <controlfield tag="008">260521a1980    arg                 spa d</controlfield>
  <controlfield tag="003">AR-UNSa-BCEJYS</controlfield>
  <datafield tag="040" ind1=" " ind2=" ">
    <subfield code="a">AR-UNSa-BCEJYS</subfield>
    <subfield code="b">spa</subfield>
    <subfield code="c">AR-UNSa-BCEJYS</subfield>
  </datafield>
  <datafield tag="080" ind1=" " ind2=" ">
    <subfield code="a">331.103.3</subfield>
    <subfield code="x">Estudios del trabajo. Estudio de tiempos. Medici&#xF3;n del trabajo</subfield>
  </datafield>
  <datafield tag="245" ind1="1" ind2="0">
    <subfield code="a">Introducci&#xF3;n al estudio del trabajo</subfield>
  </datafield>
  <datafield tag="020" ind1=" " ind2=" ">
    <subfield code="a">978-92-2-301939-6</subfield>
  </datafield>
  <datafield tag="250" ind1=" " ind2=" ">
    <subfield code="a">3a. ed.</subfield>
  </datafield>
  <datafield tag="264" ind1=" " ind2="1">
    <subfield code="a">Ginebra :</subfield>
    <subfield code="b">OIT (Organizaci&#xF3;n Internacional del Trabajo)</subfield>
    <subfield code="c">1980</subfield>
  </datafield>
  <datafield tag="300" ind1=" " ind2=" ">
    <subfield code="a">xiv, 451 p.</subfield>
    <subfield code="c">27 cm.</subfield>
  </datafield>
  <datafield tag="505" ind1=" " ind2=" ">
    <subfield code="a">1. Parte primera: Productividad y estudios del trabajo &#x2013; 2. Parte segunda: Estudios de m&#xE9;todos &#x2013; 3. Parte tercera: Medici&#xF3;n del trabajo &#x2013; 4. Parte cuarta: Del an&#xE1;lisis a la s&#xED;ntesis: nuevas formas de organizaci&#xF3;n del trabajo &#x2013; 5. Parte quinta: Ap&#xE9;ndices &#x2013;   </subfield>
  </datafield>
  <datafield tag="041" ind1=" " ind2=" ">
    <subfield code="a">spa</subfield>
  </datafield>
  <datafield tag="942" ind1=" " ind2=" ">
    <subfield code="c">BK</subfield>
  </datafield>
  <datafield tag="590" ind1=" " ind2=" ">
    <subfield code="a">niveau_biblio:m niveau_hierar:0</subfield>
  </datafield>
  <datafield tag="100" ind1="1" ind2=" ">
    <subfield code="a">Oficina Internacional del Trabajo (OIT)</subfield>
  </datafield>
  <datafield tag="999" ind1=" " ind2=" ">
    <subfield code="c">36504</subfield>
    <subfield code="d">36504</subfield>
  </datafield>
  <datafield tag="952" ind1=" " ind2=" ">
    <subfield code="0">0</subfield>
    <subfield code="1">0</subfield>
    <subfield code="4">0</subfield>
    <subfield code="7">0</subfield>
    <subfield code="a">BCEJYS</subfield>
    <subfield code="b">BCEJYS</subfield>
    <subfield code="c">16</subfield>
    <subfield code="d">2026-05-21</subfield>
    <subfield code="l">0</subfield>
    <subfield code="o">331.103.3 O31 3ed.</subfield>
    <subfield code="p">L45595</subfield>
    <subfield code="r">2026-05-21 16:08:29</subfield>
    <subfield code="w">2026-05-21</subfield>
    <subfield code="y">L</subfield>
  </datafield>
  <datafield tag="952" ind1=" " ind2=" ">
    <subfield code="0">0</subfield>
    <subfield code="1">0</subfield>
    <subfield code="4">0</subfield>
    <subfield code="7">0</subfield>
    <subfield code="a">BCEJYS</subfield>
    <subfield code="b">BCEJYS</subfield>
    <subfield code="c">16</subfield>
    <subfield code="d">2026-05-21</subfield>
    <subfield code="l">0</subfield>
    <subfield code="o">331.103.3 O31 3ed.</subfield>
    <subfield code="p">L45618</subfield>
    <subfield code="r">2026-05-21 16:08:29</subfield>
    <subfield code="w">2026-05-21</subfield>
    <subfield code="y">L</subfield>
  </datafield>
</record>
